Kaplan and Sadock's Concise Textbook of Child and Adolescent Psychiatry / (Record no. 595537)
[ view plain ]
| 000 -LEADER | |
|---|---|
| fixed length control field | 00448nam a22001337a 4500 |
| 020 ## - INTERNATIONAL STANDARD BOOK NUMBER | |
| International Standard Book Number | 9780781793872 |
| 082 ## - DEWEY DECIMAL CLASSIFICATION NUMBER | |
| Classification number | 616.89 |
| Author Mark | SAD |
| 100 ## - MAIN ENTRY--PERSONAL NAME | |
| Personal name | Sadock, Benjamin J.; Sadock, Virginia A |
| 9 (RLIN) | 114143 |
| 245 ## - TITLE STATEMENT | |
| Title | Kaplan and Sadock's Concise Textbook of Child and Adolescent Psychiatry / |
| Statement of responsibility, etc. | Benjamin J. Sadock; Virginia A Sadock |
| 260 ## - PUBLICATION, DISTRIBUTION, ETC. | |
| Place of publication, distribution, etc. | Philadelphia : |
| Name of publisher, distributor, etc. | Wolters Kluwer, |
| Date of publication, distribution, etc. | 2009. |
| 300 ## - PHYSICAL DESCRIPTION | |
| Extent | 236 p. ; |
| Other physical details | ill, |
| Dimensions | 28 cm. |
| 563 ## - BINDING INFORMATION | |
| Binding note | PBK. |
| 942 ## - ADDED ENTRY ELEMENTS (KOHA) | |
| Source of classification or shelving scheme | |
| Koha item type | Book |
| Withdrawn status | Lost status | Source of classification or shelving scheme | Damaged status | Not for loan | Permanent Location | Current Location | Shelving location | Date acquired | Source of acquisition | Cost, normal purchase price | Full call number | Barcode | Date last seen | Copy number | Cost, replacement price | Price effective from | Koha item type |
|---|---|---|---|---|---|---|---|---|---|---|---|---|---|---|---|---|---|
| NUST School of Health Sciences (NSHS) | NUST School of Health Sciences (NSHS) | General Stacks | 08/16/2023 | Prince Books | 6450.00 | 616.89 SAD | NSHS-1614 | 08/16/2023 | c.1 | 12900.00 | 08/16/2023 | Book | |||||
| NUST School of Health Sciences (NSHS) | NUST School of Health Sciences (NSHS) | General Stacks | 08/16/2023 | Prince Books | 6450.00 | 616.89 SAD | NSHS-1615 | 08/16/2023 | c.2 | 12900.00 | 08/16/2023 | Book |
